Statistics for American Groups of Four

Click here to take the quiz!

General Stats

  • This quiz has been taken 1,931 times
  • The average score is 34 of 63

Answer Stats

GroupAnswer% Correct
Mount Rushmore Presidents/
Assassinated US Presidents
Abraham Lincoln
93%
Mount Rushmore PresidentsGeorge Washington
93%
Pro Sport LeaguesNFL
89%
Pro Sport LeaguesNBA
87%
Most Visited National ParksYellowstone
84%
4 Corner StatesUtah
83%
4 Corner StatesColorado
82%
Pro Sport LeaguesNHL
82%
Cities with CSI FranchisesNew York City
81%
4 Corner StatesArizona
80%
Assassinated US PresidentsJohn F Kennedy
80%
4 Corner StatesNew Mexico
80%
Mount Rushmore PresidentsTheodore Roosevelt
80%
Mount Rushmore PresidentsThomas Jefferson
79%
Cities in Texas TriangleDallas
78%
Cities in Texas TriangleHouston
77%
Cities with CSI FranchisesMiami
76%
Seinfeld CharactersJerry
75%
Common Coin NicknamesDime
74%
Common Coin NicknamesNickel
71%
Cities in Texas TriangleAustin
69%
Common Coin NicknamesPenny
69%
Common Coin NicknamesQuarter
69%
Most Visited National ParksYosemite
69%
Major Award CeremoniesEmmy
65%
Seinfeld CharactersKramer
63%
Indiana Jones MoviesRaiders of the Lost Ark
63%
Major Award CeremoniesGrammy
62%
Monopoly Board RailroadsB&O Railroad
61%
Indiana Jones MoviesTemple of Doom
61%
Seinfeld CharactersElaine
60%
Seinfeld CharactersGeorge
60%
Cities in Texas TriangleSan Antonio
60%
Most Baseball Home RunsBabe Ruth
59%
Major Award CeremoniesAcademy
57%
Major Award CeremoniesTony
55%
Largest Native American TribesCherokee
54%
Cities with CSI FranchisesLas Vegas
52%
Largest Native American TribesNavajo
45%
Indiana Jones MoviesLast Crusade
43%
Assassinated US PresidentsWilliam McKinley
43%
Assassinated US PresidentsJames A Garfield
41%
Monopoly Board RailroadsReading Railroad
39%
Most Popular Emigrant DestinationsCanada
36%
Pro Sport LeaguesMajor League
36%
Most Popular Emigrant DestinationsMexico
36%
Monopoly Board RailroadsPennsylvania Railroad
36%
Largest Native American TribesSioux
36%
Most Visited National ParksGrand Canyon
33%
Most Baseball Home RunsBarry Bonds
32%
Most Baseball Home RunsHank Aaron
32%
Indiana Jones MoviesKingdom of the Crystal Skull
30%
Monopoly Board RailroadsShort Line
29%
Whig Party PresidentsWilliam Henry Harrison
24%
Whig Party PresidentsJohn Tyler
23%
Whig Party PresidentsZachary Taylor
22%
Whig Party PresidentsMillard Fillmore
17%
Most Baseball Home RunsWillie Mays
13%
Most Visited National ParksGreat Smoky Mountains
6%
Largest Native American TribesChippewa
3%
Most Popular Emigrant DestinationsIsrael
3%
Most Popular Emigrant DestinationsPhilippines
3%
Cities with CSI FranchisesQuantico
1%

Score Distribution

Percentile by Number Answered

Percent of People with Each Score

Your Score History

You have not taken this quiz